Neuro fuzzy systems (Record no. 5551)
[ view plain ]
| 000 -LEADER | |
|---|---|
| fixed length control field | 00298nam a2200121Ia 4500 |
| 008 - FIXED-LENGTH DATA ELEMENTS--GENERAL INFORMATION | |
| fixed length control field | 150201s2011 xx 000 0 und d |
| 082 ## - DEWEY DECIMAL CLASSIFICATION NUMBER | |
| Classification number | 5.131 |
| Item number | LAM |
| 100 ## - MAIN ENTRY--PERSONAL NAME | |
| Personal name | Lamba,V.K |
| 245 ## - TITLE STATEMENT | |
| Title | Neuro fuzzy systems |
| 260 ## - PUBLICATION, DISTRIBUTION, ETC. (IMPRINT) | |
| Name of publisher, distributor, etc. | University Science Press |
| Place of publication, distribution, etc. | N. Delhi |
| Date of publication, distribution, etc. | 2011 |
| 300 ## - PHYSICAL DESCRIPTION | |
| Extent | 158p. |
| 942 ## - ADDED ENTRY ELEMENTS (KOHA) | |
| Source of classification or shelving scheme | Dewey Decimal Classification |
| Koha item type | Books |
| Withdrawn status | Lost status | Source of classification or shelving scheme | Damaged status | Not for loan | Home library | Current library | Date acquired | SGTU | Total Checkouts | Full call number | Barcode | Date last seen | Date last checked out | Bill Date | Koha item type |
|---|---|---|---|---|---|---|---|---|---|---|---|---|---|---|---|
| Dewey Decimal Classification | SGT Engineering Library | SGT Engineering Library | 31/05/2013 | SGTU | 3 | 5.131 LAM | FE5829 | 07/05/2025 | 28/04/2025 | 09/02/2015 | Books | ||||
| Dewey Decimal Classification | SGT Engineering Library | SGT Engineering Library | 31/05/2013 | SGTU | 3 | 5.131 LAM | FE5830 | 19/12/2019 | 07/12/2019 | 09/02/2015 | Books |